Traité des méthodes techniques de l'Anatomie microscopique, Histologie, Embriologie et Zoologie / (Registro nro. 35317)

Detalles MARC
000 -LEADER
campo de control de longitud fija 00670nam a2200193 i 4500
001 - NÚMERO DE CONTROL
campo de control 35317
003 - IDENTIFICADOR DE NÚMERO DE CONTROL
campo de control ES-MaACL
005 - FECHA Y HORA DE LA ÚLTIMA TRANSACCIÓN
campo de control 20230906155115.0
007 - CAMPO FIJO DE DESCRIPCIÓN FÍSICA--INFORMACIÓN GENERAL
campo de control de longitud fija t|
008 - DATOS DE LONGITUD FIJA--INFORMACIÓN GENERAL
campo de control de longitud fija 030212s1902 fr ||||1| fre d
100 1# - ENTRADA PRINCIPAL--NOMBRE DE PERSONA
Nombre de persona Bolles Lee, Arthur.
9 (RLIN) 29987
245 10 - MENCIÓN DEL TÍTULO
Título Traité des méthodes techniques de l'Anatomie microscopique, Histologie, Embriologie et Zoologie /
Mención de responsabilidad, etc. par Arthur Bolles Lee et L. Félix Henneguy ; préface de M. Ranvier.
250 ## - MENCION DE EDICION
Mención de edición 3eme ed.
260 ## - PUBLICACIÓN, DISTRIBUCIÓN, ETC.
Lugar de publicación, distribución, etc. París :
Nombre del editor, distribuidor, etc. Octave Doin,
Fecha de publicación, distribución, etc. 1902 (
Lugar de fabricación/manufactura Evreux :
Fabricante Ch. Herissey)
300 ## - DESCRIPCIÓN FÍSICA
Extensión IX, 553 p. ;
Dimensiones 26 cm.
700 1# - ENTRADA AGREGADA--NOMBRE PERSONAL
Nombre de persona Henneguy, Félix.
9 (RLIN) 62552
700 1# - ENTRADA AGREGADA--NOMBRE PERSONAL
Nombre de persona Ranvier, M.
9 (RLIN) 95437
852 ## - LOCALIZACIÓN
Ubicación ES-MaACL
Número de control de estantería B-11299
Existencias
Estatus retirado Estado de pérdida Estado de daño No para préstamo Biblioteca de origen Biblioteca actual Ubicación en estantería Fecha de adquisición Fuente de adquisición Total de préstamos Signatura topográfica completa Código de barras Visto por última vez Precio de reemplazo Tipo de ítem Koha
        Biblioteca del Ateneo de Madrid Biblioteca del Ateneo de Madrid Sala Pardo Bazán 17/01/2008     B-11299 1036945 23/02/2023 23/02/2023 Libro impreso